| Tag |
First Indicator |
Second Indicator |
Subfields |
| LEADER |
00000cam a2200000 a 4500 |
| 001 |
in00000893407 |
| 005 |
20151019155546.0 |
| 008 |
870723s1988 enka b 00110 eng |
| 010 |
|
|
|a 87020733
|
| 020 |
|
|
|a 0521343720
|
| 035 |
|
|
|a (OCoLC)16523017
|
| 035 |
|
|
|9 AEK7772AM
|
| 040 |
|
|
|a DLC
|c DLC
|d TXA
|d UtOrBLW
|
| 043 |
|
|
|a n-us-oh
|
| 049 |
|
|
|a TXAM
|c [A12992723]
|
| 050 |
0 |
0 |
|a F495
|b .W65 1988
|
| 082 |
0 |
|
|a 324.9771/03
|2 19
|
| 100 |
1 |
|
|a Winkle, Kenneth J.
|
| 245 |
1 |
4 |
|a The politics of community :
|b migration and politics in antebellum Ohio /
|c Kenneth J. Winkle.
|
| 264 |
|
1 |
|a Cambridge ;
|a New York :
|b Cambridge University Press,
|c 1988.
|
| 300 |
|
|
|a xiii, 239 pages :
|b illustrations ;
|c 24 cm.
|
| 336 |
|
|
|a text
|b txt
|2 rdacontent
|
| 337 |
|
|
|a unmediated
|b n
|2 rdamedia
|
| 338 |
|
|
|a volume
|b nc
|2 rdacarrier
|
| 490 |
1 |
|
|a Interdisciplinary perspectives on modern history
|
| 536 |
|
|
|a Dr. Paul P. Van Riper Collection, Department of Political Science.
|
| 504 |
|
|
|a Bibliography: pages 220-234.
|
| 500 |
|
|
|a Includes index.
|
| 651 |
|
0 |
|a Ohio
|x Politics and government
|y 1787-1865.
|
| 650 |
|
0 |
|a Migration, Internal
|z Ohio
|x History
|y 19th century.
|
| 650 |
|
0 |
|a Political participation
|z Ohio
|x History
|y 19th century.
|
| 830 |
|
0 |
|a Interdisciplinary perspectives on modern history.
|
| 999 |
|
|
|a MARS
|
| 999 |
f |
f |
|s 7d11d0f2-0010-3a98-9d78-99089561fdab
|i e5c8848b-bd90-3b42-a08d-a6feb8350b1f
|t 0
|
| 952 |
f |
f |
|p ric
|a Texas A&M University
|b Rellis Campus
|c Joint Library Facility
|d Remote Storage
|t 0
|e F495 .W65 1988
|h Library of Congress classification
|i unmediated -- volume
|m A14821261139
|
| 998 |
f |
f |
|a F495 .W65 1988
|t 0
|l Remote Storage
|